000 00628nam a2200193 a 4500
005 20140414093840.0
008 071002s19uu xx 00 eng d
050 _aDVD 790
_bTIP
245 _aTipong pinoy :
_bPhilippine dances.
260 _aSl :
_bNCAA / Felta,
_c[200?]
300 _a1 videodisk (24min. 39 sec.)
440 _aTipong pinoy
520 _aA television program featuring the history and development of Philippine dances as performed by thr Ramon Obusan Folklore Dance Group.
650 _aPhilippine dances.
650 _aFilipino dance.
650 _aTipong pinoy.
942 _cAVM
999 _c109265
_d109265